| 000 | 02086nam a2200541 i 4500 | ||
|---|---|---|---|
| 001 | 991053157337505066 | ||
| 003 | NyNyJPI | ||
| 005 | 20260407221011.0 | ||
| 008 | 251010s2025 pl abch |000 0 pol c | ||
| 009 | b1000007469038 | ||
| 015 | _aUWD 2025/35267 | ||
| 020 |
_a9788365248961 _q(oprawa twarda) |
||
| 035 | _a(PL)b1000007469038 | ||
| 035 | _a(EXLNZ-48OMNIS_NETWORK)9915185582105606 | ||
| 040 |
_aWA N _cWA N _dWA N _dKR U _dWA M _dWA U _dWA N _dOLSZT 003 _dLUBL KUL |
||
| 041 | 1 |
_apol _heng |
|
| 045 | 0 | _bd1974 | |
| 046 | _k2025 | ||
| 080 | _a94(438).06"1794" | ||
| 084 | _a01 | ||
| 245 | 0 | 0 |
_aRzeczpospolita powstańcza : _binsurekcja kościuszkowska i jej tradycje / _credakcja naukowa Richard Butterwick, Michał Bąk. |
| 246 | 3 | 0 | _aInsurekcja kościuszkowska i jej tradycje |
| 260 |
_aWarszawa : _bMuzeum Historii Polski, _c2025. |
||
| 300 |
_a265, [1] strona : _bfaksymilia, fotografie, ilustracje, mapa, portrety ; _c29 cm. |
||
| 336 |
_aTekst _btxt _2rdacontent |
||
| 337 |
_aBez urządzenia pośredniczącego _bn _2rdamedia |
||
| 338 |
_aWolumin _bnc _2rdacarrier |
||
| 380 | _aKsiążki | ||
| 380 | _aPublikacje naukowe | ||
| 388 | 1 | _a2001- | |
| 500 | _aPublikacja towarzysząca wystawie prezentowanej w Muzeum Historii Polski w Warszawie w dniach 20 sierpnia - 23 listopada 2025 r. | ||
| 536 | _aWspółfinansowanie: Minister Kultury i Dziedzictwa Narodowego (Polska) | ||
| 546 | _aJeden artykuł w przekładzie z języka angielskiego. | ||
| 600 | 1 | 7 |
_aKościuszko, Tadeusz _d(1746-1817) _2DBN |
| 648 | 7 |
_a1701-1800 _2DBN |
|
| 650 | 7 |
_aInsurekcja kościuszkowska (1794) _2DBN |
|
| 650 | 7 |
_aPowstańcy kościuszkowscy _2DBN |
|
| 651 | 7 |
_aPolska _2DBN |
|
| 651 | 7 |
_aWielkie Księstwo Litewskie _2DBN |
|
| 651 | 0 |
_aPoland _xHistory _yRevolution of 1794 _vExhibitions. |
|
| 655 | 7 |
_aOpracowanie _2DBN |
|
| 655 | 7 |
_aPraca zbiorowa _2DBN |
|
| 658 | _aHistoria | ||
| 700 | 1 |
_aButterwick, Richard _d(1968- ) _eRedakcja |
|
| 700 | 1 |
_aBąk, Michał _d(1989- ) _eRedakcja |
|
| 710 | 2 |
_aMuzeum Historii Polski (Warszawa) _eWydawca _4pbl |
|
| 942 |
_2z _cBK _n0 |
||
| 999 |
_c91077 _d91077 |
||